header

Shattering tradition (Record no. 79615)

MARC details
000 -LEADER
fixed length control field 01491nam a2200385 a 4500
082 04 - DEWEY DECIMAL CLASSIFICATION NUMBER
Classification number 340.5/9
245 00 - TITLE STATEMENT
Title Shattering tradition
260 ## - PUBLICATION, DISTRIBUTION, ETC. (IMPRINT)
Place of publication London
-- New York :
Name of publisher I.B. Tauris,
Year of publication 2005.
300 ## - PHYSICAL DESCRIPTION
Number of Pages viii, 328 p. :
Other physical details ill.
490 1# - SERIES STATEMENT
Series statement Islamic Mediterranean ;
500 ## - GENERAL NOTE
General note Includes bibliographical references and index.
650 #0 - SUBJECT ADDED ENTRY--TOPICAL TERM
Topical Term Customary law (Islamic law)
Topical Term Islamic law
700 1# - ADDED ENTRY--PERSONAL NAME
Personal name Dostal, Walter,
Personal name Kraus, Wolfgang,
856 40 - ELECTRONIC LOCATION AND ACCESS
Uniform Resource Identifier http://site.ebrary.com/lib/rucke/Doc?id=10133025

No items available.

© 2026 Rongo University
Contact us: librarian | system librarian | Rongo university